000 01094nam0a22003011 4500
001 v19\rc\1645044
005 20250424123148.0
035 _a(NLR Aleph) 004757511
090 _a4566909
_c4566909
100 _a20061002d1887 |||y0rusy50 ca
101 0 _arus
102 _aRU
105 _ay z |||a|
200 1 _aМессалина
_eДрама в 4 д.
_eПерераб. драмы итал. поэта П. Косса
_f[Соч.] В.П. Буренина
210 _a[Санкт-Петербург
_d1887?]
215 _a65 с.
_d20
300 _aОписано по 1-й с.
316 _aЭкз. РНБ (80-4/26210): деф.: отсутствуют тит. л. и обл.
_5NLR: 80-4/26210
700 1 _aБуренин
_bВ. П.
_f1841-1926
_gВиктор Петрович
702 1 _aКосса
_bП.
_f1834-1881
_gПьетро
_4100
702 1 _aМессалина
_fок.20-48
_3RU\NLR\AUTH\770279703
_4570
801 0 _aRU
_bNLR
_gpsbo
801 0 _aRU
_bRuMoRGB
_2psbo
801 1 _aRU
_bProSoft-M
_2rusmarc
852 _aNLR
_j80-4/26210
942 _cBOOK
980 _aNB